Narraciones escogidas /

Guardado en:
Autor Principal: De Assis, Machado.
Formato: Libro
Idioma:Undetermined
Publicado: Madrid : Editorial-América, [s.d.]
Materias:
Etiquetas: Agregar Etiqueta
Sin Etiquetas, Sea el primero en etiquetar este registro!
LEADER 00523nam a22001695a 4500
001 EHU.bham045882
005 20111229092005.0
008 110404s1950####sp############000#0#und#d
100 1 |a De Assis, Machado. 
245 0 0 |a Narraciones escogidas /  |c Machado de Assis. 
260 |a Madrid :  |b Editorial-América,  |c [s.d.] 
300 |a 239 p. 
600 1 7 |a Machado de Assis. 
653 |a Cuentos 
653 |a Literatura brasilera 
653 |a Colección Lejarraga 
859 |a AR-BHAM  |b BIB. HUMANIDADES - Donacion Lejarraga  |h MFN000101  |p 000101.19